00794cam a2200229 a 450000100100000000500170001000800410002704000250006808200170009310000320011024500660014226000480020830000210025650000380027750400330031560000450034861000470039365000260044065000170046665100360048365100450051900000695120200929154029.0890715s1983 cl b 000 0bspa  aDO-SdBNPcDLCdBNPHU a923.2bR412d1 aRengifo V., Osvaldo.d1905-10aDon Manuel Rengifo :bsu vida y su obra /cOsvaldo Rengifo V. aSantiago de Chile :bAndrés Bello,c1983. a170 p. ;c23 cm. aEdición limitada de 500 copias. aBibliografías: p. 169-170.10aRENGIFO, MANUEL,d1793-1846vBIOGRAFÍA10aCHILEbMINISTERIO DE HACIENDAxBIOGRAFÍA 4aMinistros de gobierno 4aLegisladores 4aChilexCondiciones Económicas 4aChilexPolítica Y Gobiernoy1824-1920.